Příběhy mořeplavců
Saved in:
| Main Author | |
|---|---|
| Format | Electronic eBook |
| Language | Czech |
| Published |
Jota
2017
|
| Edition | 1. elektronické vydání |
| Subjects | |
| Online Access | Dostupné v BOOKPORT po přihlášení pomocí eduID |
| ISBN | 978-80-7462-890-0 978-80-7565-149-5 |
| Physical Description | 1 online zdroj (465 stran) |
| LEADER | 00000nam a2200000 i 4500 | ||
|---|---|---|---|
| 001 | bkp191890483 | ||
| 003 | CZ-prgp | ||
| 005 | 20170915163547.0 | ||
| 006 | m o d | ||
| 007 | cr cn | ||
| 008 | 170915s2017 xr o 000 1 cze | ||
| 020 | |a 978-80-7462-890-0 |c 389 Kč |q (online ; epub) | ||
| 020 | |a 978-80-7565-149-5 |c 522 Kč |q (print) | ||
| 040 | |a Grada |b cze |e rda | ||
| 100 | 1 | |a autorů, Kolektiv | |
| 245 | 1 | 0 | |a Příběhy mořeplavců |c Kolektiv autorů |
| 250 | |a 1. elektronické vydání | ||
| 264 | 1 | |b Jota |c 2017 | |
| 300 | |a 1 online zdroj (465 stran) | ||
| 336 | |a text |b txt |2 rdacontent | ||
| 337 | |a počítač |b c |2 rdamedia | ||
| 338 | |a online zdroj |b cr |2 rdacarrier | ||
| 520 | 3 | |a Češi a Slováci, kteří obepluli svět. Jedinečná kniha o historii české a slovenské mořeplavby, která obsahuje ručně malovanou mapu s vyznačenými trasami. Poplujte s námi kolem světa za úžasnými dobrodružstvími. Dlouho očekávaná publikace o historii české a slovenské mořeplavby vás provede vývojem tohoto pozoruhodného fenoménu země, jež má k moři víc než daleko. Obsahuje množství příběhů nejvýznačnějších českých a slovenských mořeplavců 20. a 21. století, kteří dokázali obeplout svět. Autentické příběhy Richarda Konkolského, Jozefa Varsányiho, Jiřího Albrechta, Ivana Orla, Oldřicha Karáska, Františka Sýkory, Jiřího Denka, Vlada Porvaznika a dalších až po působivé vzpomínání na legendární osobnost Rudolfa Krautschneidera. Kdy a proč napadlo naše mořeplavce obeplout svět? Jak se dá v našich podmínkách postavit loď? Co vše během plaveb zdolali a do jakých úskalí a nebezpečí se dostali? Co jim plavba dala a naopak vzala? Kudy vede nejkratší cesta ze srdce Evropy na moře? Odpověď na tyto a množství dalších otázek naleznete v této jedinečné publikaci, která zahrnuje i přehledné dějiny mořeplavby, množství faktografických údajů o technických parametrech konkrétních lodí a informací nezbytných ke znalosti mořeplavby. Kniha je bohatě provázena fotografiemi, dobovými materiály a ručně malovanou samostatně vloženou mapou s vyznačenými trasami. Doplňují ji krásné ilustrace Mikkela Odehnalů. První dějiny české a slovenské mořeplavby. Vydáno ve spolupráci s firmou Altego, s.r.o. | |
| 650 | 0 | 4 | |a Memoáry, osobnosti a osudy |
| 856 | 4 | 0 | |u https://www.bookport.cz/AccountSaml/SignIn/?idp=https://shibboleth.utb.cz/idp/shibboleth&returnUrl=/kniha/pribehy-moreplavcu-3854/ |y Dostupné v BOOKPORT po přihlášení pomocí eduID |